| 000 | 00433nam a2200181 a 4500 | ||
|---|---|---|---|
| 001 | 1766052739336 | ||
| 003 | ACL | ||
| 005 | 20251218154431.0 | ||
| 008 | 251218s2003##################000#0#eng## | ||
| 020 | _a9780375509179 | ||
| 082 | 0 | 4 |
_a641.5945 _bSEG |
| 100 | 1 |
_aSegan, Francine, _eauthor. |
|
| 245 | 1 | 0 | _aShakespeare's Kitchen : |
| 260 | _c2003. | ||
| 650 | 0 | _aCookery, Italian. | |
| 942 | _cENGLISH | ||
| 040 |
_aACL _beng _cACL |
||
| 999 |
_c603199 _d603199 |
||